000 00801nam a22002777a 4500
003 CHAP
005 20220329134322.0
008 971013s1890 r 00010 d
010 _a18662
011 _a19634
035 _a23719
040 _cCHAP
082 _a581.1
_bD4
100 0 0 _aDetmer, W.
_932216
245 _aManuel technique de physiologie végétale
260 _aParis :
_bC. Reinwald,
_c1890
300 _a421 p.
_b: ilus.
590 _aBATCH-UPD
_b10
_c20130110
_lUCH01
_h1647
590 _aBATCH-UPD
_b10
_c20130410
_lUCH01
_h1037
590 _aBATCH-UPD
_b10
_c20130914
_lUCH01
_h1412
590 _aCONVERSION
_b10
_c20130109
_lUCH01
_h1311
650 1 4 _aFisiología vegetal.
_941136
901 _aBK
942 _cLIBRO
949 _a581.1 D4
_bBC
_cLIBRO
_d-55088
_eLIBRO
_h9253
_i23719
_si
999 _c18662
_d18662